Inside IBM : A european's story
সংরক্ষণ করুন:
| প্রধান লেখক: | |
|---|---|
| বিন্যাস: | গ্রন্থ |
| ভাষা: | Undetermined |
| প্রকাশিত: |
[ USA ]
Fonata
1989
|
| বিষয়গুলি: | |
| ট্যাগগুলো: |
ট্যাগ যুক্ত করুন
কোনো ট্যাগ নেই, প্রথমজন হিসাবে ট্যাগ করুন!
|
| Thư viện lưu trữ: | Trung tâm Học liệu Trường Đại học Cần Thơ |
|---|
| LEADER | 00512nam a2200193Ia 4500 | ||
|---|---|---|---|
| 001 | CTU_82598 | ||
| 008 | 210402s9999 xx 000 0 und d | ||
| 082 | |a 658 | ||
| 082 | |b M231 | ||
| 100 | |a Maisonrouge, Jacques | ||
| 245 | 0 | |a Inside IBM : | |
| 245 | 2 | |b A european's story | |
| 245 | 0 | |c Jacques Maisonrouge | |
| 260 | |a [ USA ] | ||
| 260 | |b Fonata | ||
| 260 | |c 1989 | ||
| 650 | |a international business enterprises | ||
| 904 | |i QHieu(sửa) | ||
| 980 | |a Trung tâm Học liệu Trường Đại học Cần Thơ | ||